Ensayos de derecho empresario: empresa, sociedades, concursos

שמור ב:
מידע ביבליוגרפי
מחבר ראשי: Borgarello, Luisa Isabel (Author)
פורמט: ספר
שפה:ספרדית
יצא לאור: Córdoba Fespresa 2009
מהדורה:1a. ed
נושאים:
תגים: הוספת תג
אין תגיות, היה/י הראשונ/ה לתייג את הרשומה!

MARC

LEADER 00000nam a2200000 a 4500
001 UCH9395
003 CL-VaPUC
008 100107e20090000AG |||||||||||||||||spa|d
020 |a 9789872316440 
082 0 4 |a 346.065  |b BOR  |2 21 
100 0 |a Borgarello, Luisa Isabel  |e author  |9 546452 
245 1 0 |a Ensayos de derecho empresario: empresa, sociedades, concursos 
250 |a 1a. ed 
300 |a 466 p 
942 |c BK 
945 |d 20100107 00:00:00  |a rbrito 
260 |a Córdoba  |b Fespresa  |c 2009 
650 7 |a DERECHO EMPRESARIO  |2 CL-VaPUC  |9 524686 
650 0 |a Derecho comercial   |9 256340 
650 0 |a Empresa  |9 350507 
650 7 |a CONCURSOS  |2 CL-VaPUC  |9 395463 
650 0 |a Sociedades comerciales   |9 257290 
650 0 |a Síndico de quiebra  |9 404573 
583 |a last modification  |c 20100107 00:00:00  |k Rodrigo Vera 
999 |c 339380  |d 339378 
952 |0 0  |1 0  |4 0  |6 346_065000000000000_BOR_2009  |7 0  |8 A  |9 433014  |a BIBDER  |b BIBDER  |d 2019-11-22  |i 4631978  |o 346.065 BOR 2009  |p 4631978  |r 2023-01-25  |w 2019-11-22  |y BK  |k DER